Functional analysis (Record no. 18492)

MARC details
000 -LEADER
fixed length control field 00529nam a2200205 a 4500
001 - CONTROL NUMBER
control field 156068
003 - CONTROL NUMBER IDENTIFIER
control field OSt
005 - DATE AND TIME OF LATEST TRANSACTION
control field 20210924162213.0
008 - FIXED-LENGTH DATA ELEMENTS--GENERAL INFORMATION
fixed length control field 180419 ### HIN
020 ## - INTERNATIONAL STANDARD BOOK NUMBER
International Standard Book Number 9788122427837
082 ## - DEWEY DECIMAL CLASSIFICATION NUMBER
Classification number 515.7
Item number J19F
100 ## - MAIN ENTRY--PERSONAL NAME
Personal name Jain, Pawan K
245 ## - TITLE STATEMENT
Title Functional analysis
Statement of responsibility, etc by Pawan K Jain and Om P Ahuja
250 ## - EDITION STATEMENT
Edition statement 2nd ed.
260 ## - PUBLICATION, DISTRIBUTION, ETC. (IMPRINT)
Place of publication, distribution, etc London; New Delhi
Name of publisher, distributor, etc New Age International
Date of publication, distribution, etc 2017
300 ## - PHYSICAL DESCRIPTION
Extent xv, 376p.
653 ## - INDEX TERM--UNCONTROLLED
Uncontrolled term Functional analysis
700 ## - ADDED ENTRY--PERSONAL NAME
Personal name Ahuja, Om P
942 ## - ADDED ENTRY ELEMENTS (KOHA)
Source of classification or shelving scheme Dewey Decimal Classification
Koha item type Books
Holdings
Withdrawn status Lost status Source of classification or shelving scheme Damaged status Not for loan Collection code Home library Current library Date acquired Source of acquisition Total Checkouts Full call number Barcode Date last seen Date checked out Price effective from Koha item type
    Dewey Decimal Classification     General Text Book Central University Of Rajasthan Central University Of Rajasthan 19/04/2018 MTH 11 515.7 J19F 30861 12/11/2025 31/10/2025 02/09/2020 Books